[Event "Lezajsk Merlin Blitz 1st"]
[Site "Lezajsk"]
[Date "2021.08.10"]
[Round "5"]
[White "Rasti, Arvin"]
[Black "Gazda, Dominik"]
[Result "1-0"]
[WhiteElo "2285"]
[BlackElo "1765"]
[PlyCount "63"]
[EventDate "2021.08.10"]
[EventType "swiss (blitz)"]
[EventRounds "9"]
[EventCountry "POL"]
[SourceTitle "CBM 203 Extra"]
[Source "ChessBase"]
[SourceDate "2021.09.30"]
[SourceVersion "1"]
[SourceVersionDate "2021.09.30"]
[SourceQuality "1"]

1. d4 f5 2. Nc3 Nf6 3. Bg5 e6 4. e4 h6 5. Bxf6 Qxf6 6. Nf3 Bb4 7. Bd3 Bxc3+ 8. bxc3 0-0 9. Qe2 d6 10. 0-0 Kh8 11. Rae1 Nc6 12. e5 dxe5 13. Nxe5 Nxe5 14. dxe5 Qe7 15. Qf3 Rb8 16. Rb1 b6 17. Rfd1 Bb7 18. Qe2 Rbd8 19. a4 Qc5 20. a5 Qxa5 21. Ra1 Qd5 22. f3 a5 23. Kh1 Qc5 24. Bc4 Qe7 25. h3 Rxd1+ 26. Rxd1 Bc8 27. Qd3 Qc5 28. Qe2 f4 29. Qe4 Rf5 30. Rd8+ Kh7 31. Rxc8 b5 32. Bxe6 1-0

[Event "Lezajsk Merlin-B 1st"]
[Site "Lezajsk"]
[Date "2021.08.06"]
[Round "3"]
[White "Gazda, Dominik"]
[Black "Socha, Krzysztof1111"]
[Result "1/2-1/2"]
[WhiteElo "1765"]
[BlackElo "1633"]
[PlyCount "146"]
[EventDate "2021.08.04"]
[EventType "tourn"]
[EventRounds "9"]
[EventCountry "POL"]
[SourceTitle "EXT 2023"]
[Source "ChessBase"]
[SourceDate "2022.10.05"]
[SourceVersion "1"]
[SourceVersionDate "2022.10.05"]
[SourceQuality "1"]

1. e4 c5 2. Nf3 g6 3. c4 Bg7 4. d4 cxd4 5. Nxd4 Nc6 6. Be3 Nf6 7. Nc3 0-0 8. Be2 d6 9. Qd2 Ng4 10. Bxg4 Bxg4 11. f3 Bd7 12. 0-0 Qc8 13. Nd5 Qd8 14. Rfd1 Ne5 15. b3 Bc6 16. Rac1 Bxd5 17. cxd5 a6 18. Qb4 Qd7 19. h3 f5 20. Ne6 Rfc8 21. Rxc8+ Rxc8 22. Bd4 Bf6 23. f4 Nf7 24. Bxf6 exf6 25. exf5 Nh6 26. fxg6 hxg6 27. Kh2 Nf5 28. Rd3 Kf7 29. a4 Ne7 30. Qe4 Nf5 31. Qf3 Rc2 32. Qg4 Qc8 33. Nd4 Nxd4 34. Qxc8 Rxc8 35. Rxd4 Rc5 36. Kg1 a5 37. Rd3 Rc2 38. Kh2 f5 39. Kg3 Rc5 40. Kf3 Kf6 41. Ke3 Rc2 42. g3 g5 43. g4 Rh2 44. fxg5+ Kxg5 45. Kd4 fxg4 46. hxg4 Rc2 47. Rc3 Rxc3 48. Kxc3 Kxg4 49. Kc4 Kf4 50. Kb5 Ke4 51. Kxa5 Kxd5 52. Kb6 Ke5 53. Kxb7 d5 54. a5 d4 55. a6 d3 56. a7 d2 57. a8Q d1Q 58. Qe8+ Kf6 59. Qc6+ Ke7 60. b4 Qa1 61. b5 Kd8 62. Qc7+ Ke8 63. b6 Qa5 64. Kb8 Qa4 65. Qe5+ Kd7 66. Qd5+ Ke7 67. Qc5+ Kd7 68. b7 Qf4+ 69. Ka8 Qa4+ 70. Qa7 Qe4 71. Qa5 Qf3 72. Ka7 Qe3+ 73. Ka6 Qe6+ 1/2-1/2

[Event "Lezajsk Merlin-B 1st"]
[Site "Lezajsk"]
[Date "2021.08.04"]
[Round "1"]
[White "Gazda, Dominik"]
[Black "Cwieka, Konrad"]
[Result "1-0"]
[WhiteElo "1765"]
[BlackElo "1292"]
[PlyCount "65"]
[EventDate "2021.08.04"]
[EventType "tourn"]
[EventRounds "9"]
[EventCountry "POL"]
[SourceTitle "EXT 2023"]
[Source "ChessBase"]
[SourceDate "2022.10.05"]
[SourceVersion "1"]
[SourceVersionDate "2022.10.05"]
[SourceQuality "1"]

1. e4 c5 2. Nf3 Nc6 3. d3 d6 4. g3 Nf6 5. Bg2 g6 6. 0-0 Bg7 7. Nc3 0-0 8. Be3 Bg4 9. Qd2 Qc7 10. h3 Bxf3 11. Bxf3 Rac8 12. Bg2 Nd4 13. Ne2 Nd7 14. c3 Nxe2+ 15. Qxe2 e5 16. f4 b5 17. Rad1 a6 18. f5 Nf6 19. Qd2 Rcd8 20. Bg5 Rd7 21. g4 c4 22. Bxf6 Bxf6 23. g5 Bd8 24. f6 cxd3 25. Qe1 Qc5+ 26. Kh1 h5 27. Bf3 Kh7 28. Rxd3 Bb6 29. Qe2 Qc4 30. Rfd1 Rfd8 31. Bxh5 gxh5 32. Qxh5+ Kg8 33. Rd5 1-0

[Event "Subcarpathian-chT"]
[Site "Bystre"]
[Date "2021.06.13"]
[Round "9.26"]
[White "Lach, Tomasz"]
[Black "Gazda, Dominik"]
[Result "1/2-1/2"]
[WhiteElo "1840"]
[BlackElo "1669"]
[PlyCount "66"]
[EventDate "2021.06.09"]
[EventType "team-tourn"]
[EventRounds "9"]
[EventCountry "POL"]
[SourceTitle "EXT 2022"]
[Source "ChessBase"]
[SourceDate "2021.10.06"]
[SourceVersion "1"]
[SourceVersionDate "2021.10.06"]
[SourceQuality "1"]

1. d4 f5 2. Nf3 Nf6 3. Bf4 d5 4. e3 e6 5. Nbd2 Be7 6. h3 c6 7. c3 Nbd7 8. Bd3 Ne4 9. Ne5 0-0 10. Ndf3 Ndf6 11. 0-0 Bd7 12. Bxe4 fxe4 13. Nd2 Be8 14. Qb3 Qb6 15. f3 exf3 16. Nexf3 h6 17. Ne5 Qxb3 18. axb3 Kh7 19. Bg3 a6 20. Bh4 Bd6 21. Bg3 Be7 22. b4 Bg6 23. Bh4 Bd6 24. Bxf6 Rxf6 25. Nd7 Rxf1+ 26. Nxf1 Re8 27. Nc5 Re7 28. Nd2 e5 29. Nf3 exd4 30. exd4 Bg3 31. Ne5 Bh5 32. Rf1 Kg8 33. Ncd7 Re8 1/2-1/2

[Event "Subcarpathian-chT"]
[Site "Bystre"]
[Date "2021.06.11"]
[Round "4.13"]
[White "Gazda, Dominik"]
[Black "Czajkowski, Ryszard"]
[Result "1-0"]
[WhiteElo "1669"]
[BlackElo "2051"]
[PlyCount "100"]
[EventDate "2021.06.09"]
[EventType "team-tourn"]
[EventRounds "9"]
[EventCountry "POL"]
[SourceTitle "EXT 2022"]
[Source "ChessBase"]
[SourceDate "2021.10.06"]
[SourceVersion "1"]
[SourceVersionDate "2021.10.06"]
[SourceQuality "1"]

1. d4 Nf6 2. Bf4 g6 3. Nf3 Bg7 4. e3 d5 5. h3 0-0 6. Bd3 c5 7. c3 b6 8. Nbd2 Ba6 9. Qe2 Bxd3 10. Qxd3 c4 11. Qc2 Nc6 12. 0-0 b5 13. e4 e6 14. Rfe1 Qb6 15. Bd6 Rfd8 16. e5 Ne8 17. Bc5 Qc7 18. Nf1 a5 19. h4 Nb8 20. h5 Na6 21. Bd6 Nxd6 22. exd6 Qxd6 23. hxg6 hxg6 24. Ne5 Nc7 25. Re3 Rf8 26. Rae1 b4 27. Nh2 Ra6 28. Nhg4 Qe7 29. Rh3 Qg5 30. Qe2 f5 31. Nh2 f4 32. Nhf3 Qd8 33. Nxg6 Rf5 34. Nfe5 Qg5 35. Nh4 Rf6 36. Nd7 Rh6 37. Nf3 Qf5 38. Rxh6 Bxh6 39. Nfe5 Ne8 40. Nc5 Rd6 41. Qd2 Kh7 42. Nf3 Rb6 43. Nh4 Qg4 44. Qc2+ Kg7 45. Nf3 Nc7 46. Qa4 Qg6 47. Qxa5 Rc6 48. Ne5 Qe8 49. Nxc6 Qxc6 50. Qxc7+ Kg8 1-0

[Event "EU-chT U18"]
[Site "Rymanow Zdroj"]
[Date "2017.08.17"]
[Round "1.11"]
[White "Gazda, Dominik"]
[Black "Jaszczuk, Mateusz"]
[Result "1-0"]
[WhiteElo "1438"]
[BlackElo "1472"]
[PlyCount "57"]
[EventDate "2017.08.17"]
[EventType "team-swiss"]
[EventRounds "7"]
[EventCountry "POL"]
[SourceTitle "CBM 180 Extra"]
[Source "ChessBase"]
[SourceDate "2017.10.06"]
[SourceVersion "1"]
[SourceVersionDate "2017.10.06"]
[SourceQuality "1"]
[WhiteTeam "Poland U18 III"]
[BlackTeam "Poland U18 V"]
[WhiteTeamCountry "POL"]
[BlackTeamCountry "POL"]

1. e4 c5 2. c3 Nc6 3. d4 cxd4 4. cxd4 d6 5. d5 Ne5 6. f4 Nd7 7. Nc3 g6 8. Qd4 f6 9. Be3 Bg7 10. Rc1 Nc5 11. b4 e5 12. dxe6 Nxe6 13. Bb5+ Kf8 14. Qd2 Ne7 15. Nge2 f5 16. 0-0 fxe4 17. Nxe4 d5 18. Ng5 Nf5 19. Nxe6+ Bxe6 20. Bc5+ Kf7 21. g4 Nd6 22. f5 gxf5 23. gxf5 Nxf5 24. Ng3 Rg8 25. Bd3 Be5 26. Bxf5 Bxg3 27. Bxe6+ Kxe6 28. Qh6+ Kd7 29. Rf7+ 1-0

[Event "POL-chT U20 2nd League"]
[Site "Szczyrk"]
[Date "2017.07.24"]
[Round "4.79"]
[White "Owoc, Jakub"]
[Black "Gazda, Dominik"]
[Result "1-0"]
[WhiteElo "1430"]
[BlackElo "1438"]
[PlyCount "143"]
[EventDate "2017.07.22"]
[EventType "team-swiss"]
[EventRounds "11"]
[EventCountry "POL"]
[SourceTitle "EXT 2019"]
[Source "ChessBase"]
[SourceDate "2018.10.10"]
[SourceVersion "1"]
[SourceVersionDate "2018.10.10"]
[SourceQuality "1"]

1. e4 e5 2. Nf3 Nc6 3. Bc4 Be7 4. c3 Nf6 5. d3 d6 6. Bg5 h6 7. Bxf6 Bxf6 8. 0-0 0-0 9. Nbd2 Na5 10. b4 Nxc4 11. Nxc4 Be6 12. Ne3 c6 13. d4 exd4 14. cxd4 c5 15. bxc5 dxc5 16. e5 cxd4 17. exf6 dxe3 18. fxg7 exf2+ 19. Rxf2 Qxd1+ 20. Rxd1 Kxg7 21. Rb1 b6 22. Re1 Rfd8 23. Ne5 Rd5 24. h3 Rad8 25. Re3 Kf8 26. Nc6 R8d6 27. Nb4 Rd2 28. Rf6 Kg7 29. Rff3 Bxa2 30. Rg3+ Rg6 31. Rxg6+ Kxg6 32. Ra3 Bc4 33. Rxa7 Rb2 34. Nc6 Bd5 35. Ne7+ Kf6 36. Nxd5+ Ke5 37. Ne3 Kf4 38. Nc4 Rb1+ 39. Kf2 f5 40. g3+ Kg5 41. Rg7+ Kf6 42. Rb7 b5 43. Rb6+ Ke7 44. Ne3 Rb2+ 45. Kf3 Rb3 46. Kf4 Kd7 47. Nxf5 Kc7 48. Rxh6 b4 49. Ne7 Rd3 50. Ke4 Rxg3 51. Nd5+ Kd7 52. Nxb4 Ke7 53. Kf4 Ra3 54. Nd5+ Kf7 55. Kg4 Kg7 56. Rh5 Ra4+ 57. Nf4 Ra1 58. Rg5+ Kh6 59. h4 Rg1+ 60. Kf5 Rf1 61. h5 Rf2 62. Rg6+ Kh7 63. Rg2 Rf1 64. Kg5 Rb1 65. Re2 Rb7 66. Re5 Rf7 67. Re6 Kg7 68. Rg6+ Kh7 69. Ng2 Re7 70. Nh4 Re5+ 71. Nf5 Ra5 72. Re6 1-0

[Event "POL-chT U20 2nd League"]
[Site "Szczyrk"]
[Date "2017.07.22"]
[Round "1.13"]
[White "Gazda, Dominik"]
[Black "Klementowski, Dawid"]
[Result "0-1"]
[WhiteElo "1438"]
[BlackElo "1905"]
[PlyCount "106"]
[EventDate "2017.07.22"]
[EventType "team-swiss"]
[EventRounds "11"]
[EventCountry "POL"]
[SourceTitle "EXT 2019"]
[Source "ChessBase"]
[SourceDate "2018.10.10"]
[SourceVersion "1"]
[SourceVersionDate "2018.10.10"]
[SourceQuality "1"]

1. e4 c5 2. Nf3 d6 3. d4 cxd4 4. Nxd4 Nf6 5. Nc3 a6 6. Bg5 e6 7. Qf3 Be7 8. 0-0-0 Nbd7 9. Qg3 Qc7 10. Bd3 b6 11. Be3 g6 12. f4 Bb7 13. Rhe1 e5 14. fxe5 dxe5 15. Nb3 Bb4 16. Bd2 0-0-0 17. a3 Be7 18. Qf2 Kb8 19. Be3 Ng4 20. Qxf7 Nxe3 21. Rxe3 Bg5 22. Qf3 Rhf8 23. Qe2 Nc5 24. Kb1 Bxe3 25. Qxe3 Nxb3 26. cxb3 Rf6 27. Rc1 Qd7 28. Nd5 Bxd5 29. exd5 Qxd5 30. Bxa6 Qd4 31. Qh3 Qd7 32. Qe3 Re8 33. a4 Qf5+ 34. Ka2 Re7 35. Qd2 Qd7 36. Qb4 e4 37. Qc3 Rd6 38. Bb5 Qd8 39. Qe3 Ka7 40. Rc4 Qa8 41. Qg3 Qd5 42. Qg4 Qf5 43. Qg3 Qd5 44. Qg4 Qe6 45. Qe2 e3 46. Rc2 Qe4 47. Rc4 Qd5 48. Qc2 Kb7 49. Rc8 Qe4 50. Qxe4+ Rxe4 51. Rc1 e2 52. Re1 Rd2 53. Ka3 Rd1 0-1

[Event "POL-chT U19 2nd League"]
[Site "Iwonicz"]
[Date "2016.07.31"]
[Round "2.76"]
[White "Gazda, Dominik"]
[Black "Sulima, Franciszek"]
[Result "1-0"]
[WhiteElo "1223"]
[BlackElo "1215"]
[PlyCount "97"]
[EventDate "2016.07.23"]
[EventType "team-swiss"]
[EventRounds "11"]
[EventCountry "POL"]
[SourceTitle "EXT 2019"]
[Source "ChessBase"]
[SourceDate "2018.10.10"]
[SourceVersion "1"]
[SourceVersionDate "2018.10.10"]
[SourceQuality "1"]
[WhiteTeam "Krosno KKSz Urania U19"]
[BlackTeam "Gdynia MDK U19"]
[WhiteTeamCountry "POL"]
[BlackTeamCountry "POL"]

1. e4 e6 2. Nf3 d5 3. exd5 exd5 4. d4 Bd6 5. Bd3 Nc6 6. c3 Nge7 7. Be3 Bg4 8. Nbd2 Qd7 9. Qc2 0-0-0 10. b4 Nf5 11. b5 Na5 12. 0-0 h6 13. h3 Nxe3 14. fxe3 Be6 15. Nb3 b6 16. Nxa5 bxa5 17. Qa4 Kb8 18. Qxa5 g5 19. Ne5 Bxe5 20. dxe5 Bxh3 21. Rf3 Be6 22. Qa6 Qc8 23. Rb1 h5 24. Qxc8+ Kxc8 25. Bf5 Rh6 26. Rbf1 Rd7 27. Bxe6 Rxe6 28. Rf5 Rde7 29. Rxg5 Rxe5 30. Rxe5 Rxe5 31. Rxf7 Rxe3 32. Rf5 Rxc3 33. Rxd5 Rc2 34. Rxh5 Rxa2 35. g4 a5 36. bxa6 Rxa6 37. Rf5 Ra2 38. g5 Kd7 39. Kf1 Rc2 40. g6 Ke7 41. g7 Rc1+ 42. Kg2 Rc2+ 43. Kf3 Rc3+ 44. Kf4 Rc4+ 45. Kg5 Rc1 46. Kg6 Rc6+ 47. Kh7 Rc1 48. g8Q Rh1+ 49. Kg6 1-0

[Event "POL-chT U19 2nd League"]
[Site "Iwonicz"]
[Date "2016.07.31"]
[Round "9.58"]
[White "Ullrich, Karol"]
[Black "Gazda, Dominik"]
[Result "0-1"]
[WhiteElo "1211"]
[BlackElo "1223"]
[PlyCount "144"]
[EventDate "2016.07.23"]
[EventType "team-swiss"]
[EventRounds "11"]
[EventCountry "POL"]
[SourceTitle "EXT 2019"]
[Source "ChessBase"]
[SourceDate "2018.10.10"]
[SourceVersion "1"]
[SourceVersionDate "2018.10.10"]
[SourceQuality "1"]
[WhiteTeam "Poznan UMKS Na Pieterku U19"]
[BlackTeam "Krosno KKSz Urania U19"]
[WhiteTeamCountry "POL"]
[BlackTeamCountry "POL"]

1. e4 c5 2. Nf3 Nc6 3. Bd3 g6 4. c3 Bg7 5. Bc2 d6 6. 0-0 Nf6 7. d4 cxd4 8. cxd4 Bg4 9. Be3 Nd7 10. d5 Nce5 11. Nbd2 Qc7 12. Ba4 Nxf3+ 13. Nxf3 Bxb2 14. Rb1 Bg7 15. h3 Bxf3 16. Qxf3 0-0 17. Rfc1 Nc5 18. Qg3 Qa5 19. Bxc5 Qxa4 20. Qa3 Qxe4 21. Be3 b6 22. Rd1 Rfc8 23. Rb4 Qf5 24. Rf4 Qe5 25. Qa4 Qb2 26. Rd2 Rc1+ 27. Kh2 Qb1 28. Rb4 Rh1+ 29. Kg3 Be5+ 30. Bf4 Qe1 31. Kf3 Bxf4 32. Re2 Qc3+ 33. Kxf4 Rc8 34. Ree4 Qf6+ 35. Kg3 Rc3+ 36. Re3 Rxe3+ 37. fxe3 Rf1 38. Rf4 Rxf4 39. exf4 Qc3+ 40. Kh2 Qc7 41. Qe4 Kg7 42. f5 Qd7 43. fxg6 hxg6 44. h4 a6 45. Qd4+ f6 46. Qxb6 Qa4 47. Qf2 Qc4 48. Qe1 Kf8 49. Qg3 Kf7 50. h5 gxh5 51. Qf3 Qg4 52. Qxg4 hxg4 53. Kg3 f5 54. Kf4 Kf6 55. g3 e6 56. dxe6 Kxe6 57. Ke3 Ke5 58. Kd3 f4 59. gxf4+ Kxf4 60. Ke2 g3 61. Kf1 Kf3 62. a3 g2+ 63. Kg1 d5 64. a4 d4 65. a5 d3 66. Kh2 Kf2 67. Kh3 g1Q 68. Kh4 Kf3 69. Kh5 Kf4 70. Kh6 Kf5 71. Kh7 Kf6 72. Kh8 Qg7# 0-1